000
00292nam a2200109Ia 4500
008
220204s9999 xx 000 0 und d
082
_a
330.34(540)
_b
DES
100
_a
DESHMUKH, C D
245
0
_a
Economic developments in India 1946-1956
260
_a
Bombay
_b
Asia Pub house
_c
1957
942
_c
BK
999
_c
20029
_d
20029